| 000 | 01068nam a22003137a 4500 | ||
|---|---|---|---|
| 003 | CHAP | ||
| 005 | 20220329135751.0 | ||
| 008 | 971013s1972 r 00010 d | ||
| 010 | _a41747 | ||
| 011 | _a42719 | ||
| 035 | _a46848 | ||
| 040 | _cCHAP | ||
| 090 | _aFolleto 2489 | ||
| 100 | 0 | 0 |
_aFosberg, Francis Raymond. _942664 |
| 245 | _aThespesia populnea (L.) solander exCorrea and Thespesia populnecides (Roxburgh) Kosteletsky (Malvaceae) | ||
| 260 |
_aWashington : _bSmithsonian Institution, _c1972 |
||
| 300 |
_a13 p. _b: ilus. |
||
| 590 |
_aBATCH-UPD _b10 _c20130110 _lUCH01 _h0045 |
||
| 590 |
_aBATCH-UPD _b10 _c20130110 _lUCH01 _h2151 |
||
| 590 |
_aCONVERSION _b10 _c20130109 _lUCH01 _h1323 |
||
| 650 | 1 | 4 |
_aThespesia populnea. _9112763 |
| 650 | 1 | 4 |
_aThespesia populnecides. _9112764 |
| 700 | 0 |
_aSachet, Marie Helene. _9101127 |
|
| 901 | _aBK | ||
| 942 | _cFOLL | ||
| 949 |
_aFolleto 2489 _bBC _cFOLL _d-106727 _eTS1 _i46848 _si |
||
| 949 |
_aFolleto 2489 _bBC _cFOLL _d-106728 _eTS2 _fc.2 _i46848 _si |
||
| 949 |
_aFolleto 2489 _bBC _cFOLL _d-106729 _eTS2 _fc.3 _i46848 _si |
||
| 999 |
_c41747 _d41747 |
||